Destinations from Hamburg Airport - Statistics

General Stats
  • This quiz has been taken 471 times
  • The average score is 69 of 133
Answer Stats
Answer % Correct
London
92%
Munich
91%
Paris
91%
Barcelona
90%
Madrid
90%
Amsterdam
88%
Frankfurt
88%
Oslo
88%
Rome
88%
Stockholm
88%
Dublin
87%
Vienna
86%
Milan
85%
Moscow
85%
Istanbul
84%
Zürich
84%
Brussels
83%
Copenhagen
83%
Helsinki
83%
Manchester
83%
Athens
82%
Lisbon
82%
Warsaw
81%
Dubai
80%
Budapest
79%
Prague
78%
Düsseldorf
76%
Stuttgart
76%
Porto
75%
Edinburgh
74%
Palma de Majorca
74%
Zagreb
74%
Bucharest
73%
Cologne/Bonn
72%
Nice
72%
Riga
72%
Sal
72%
St Petersburg
72%
Venice
70%
Ankara
69%
Birmingham
68%
Salzburg
68%
Sofia
68%
Valencia
68%
Belgrade
67%
Kiev
67%
Malaga
67%
Naples
66%
Basel/Mulhouse/Freiburg
64%
Geneva
64%
Antalya
61%
Tenerife
60%
Ibiza
59%
Tel Aviv
59%
Thessaloniki
59%
Tallinn
58%
Bilbao
57%
Tunis
56%
Bergen
55%
Gdansk
55%
Innsbruck
55%
Izmir
55%
Alicante
54%
Reykjavik
54%
Bern
53%
Bordeaux
53%
Gran Canaria
52%
Seville
52%
Gothenburg
50%
Split
49%
Luqa
48%
Nuremberg
48%
Bari
47%
Dubrovnik
47%
Faro
47%
Heraklion
47%
Luxembourg
46%
Ljubljana
45%
Rhodes
45%
Catania
44%
Fuerteventura
44%
Menorca
43%
Corfu
41%
Skopje
41%
Kos
40%
Lanzarote
39%
Pristina
39%
Funchal
38%
Varna
37%
Beirut
36%
Bristol
36%
Cagliari
36%
Nantes
36%
Katowice
35%
Santorini
35%
Verona
35%
Newark
32%
Hurghada
31%
Tehran
30%
Bodrum
29%
Adana
28%
Burgas
28%
Zadar
28%
Zakynthos
27%
La Palma
26%
Olbia
26%
Sharm El Sheikh
26%
Pula
25%
Rijeka
25%
Bergamo
24%
Marrakech
24%
Djerba
23%
Mannheim
22%
Sylt
22%
Bastia
21%
Boa Vista
21%
Dalaman
21%
Jerez de la Frontera
20%
Jersey
20%
Paphos
20%
Saarbrücken
19%
Trieste
19%
Marsa Alam
18%
Monastir
18%
Lamezia Terme
17%
Klagenfurt
16%
Samos
16%
Enfidha
15%
Kayseri
15%
Treviso
13%
Tabriz
7%
Hévíz–Balaton
6%
Sandefjord
4%
No matching quizzes found
Score Distribution
Percent of People with Each Score
Percentile by Number Answered
Your Score History
You have not taken this quiz